An introducing to mushroom production in Nigeria

Salvato in:
Dettagli Bibliografici
Autore principale: KETA, J.N. Aliero, A.A Shehu, K.
Natura: Libro
Lingua:inglese
Pubblicazione: Ahmadu Bello University Press 2016
Tags: Aggiungi Tag
Nessun Tag, puoi essere il primo ad aggiungerne!!

MARC

LEADER 00000nam a22000007a 4500
008 240226b |||||||| |||| 00| 0 eng d
020 |a 9789789621866 
100 |a KETA, J.N.  |a Aliero, A.A  |a Shehu, K. 
245 |a An introducing to mushroom production in Nigeria  |c /J.N. Keta, A.A. Alieko, K.Shehu  |g xi,120p 
260 |b Ahmadu Bello University Press  |c 2016  |h Zaria, Nigeria  |i 701425  |i 701426  |i 701427  |i 701428  |i 701429  |l QK617.K49  |m Edible mushrooms - Economic aspects-Nigeria  |m Mushrooms-Nigeria-Marketing 
500 |a it includes references 
942 |a lcc  |c BK  |e Johnson  |f 26/02/24 
952 |0 0  |1 0  |2 lcc  |4 0  |6 QK0617 K49  |7 0  |9 4881  |a SL  |b HOL  |c QZ  |d 2024-02-26  |l 0  |o QK617.K49  |p 2024-0132  |r 2024-02-26 00:00:00  |t 701425  |w 2024-02-26  |y BK 
952 |0 0  |1 0  |2 lcc  |4 0  |6 QK0617 K49  |7 0  |9 4882  |a SL  |b HOL  |c QZ  |d 2024-02-26  |l 0  |o QK617.K49  |p 2024-0133  |r 2024-02-26 00:00:00  |t 701426  |w 2024-02-26  |y BK 
952 |0 0  |1 0  |2 lcc  |4 0  |6 QK0617 K49  |7 0  |9 4883  |a HOL  |b HOL  |c QZ  |d 2024-02-26  |l 0  |o QK617.K49  |p 2024-0134  |r 2024-02-26 00:00:00  |t 701427  |w 2024-02-26  |y BK 
952 |0 0  |1 0  |2 lcc  |4 0  |6 QK0617 K49  |7 0  |9 4884  |a HOL  |b HOL  |c QZ  |d 2024-02-26  |l 0  |o QK617.K49  |p 2024-0135  |r 2024-02-26 00:00:00  |t 701428  |w 2024-02-26  |y BK 
952 |0 0  |1 0  |2 lcc  |4 0  |6 QK0617 K49  |7 0  |9 4885  |a HOL  |b HOL  |c QZ  |d 2024-02-26  |l 0  |o QK617.K49  |p 2024-0136  |r 2024-02-26 00:00:00  |t 701429  |w 2024-02-26  |y BK 
999 |c 2429  |d 2429